Geografía económica general (Registro nro. 6118)
[ vista simple ]
| 000 -LEADER | |
|---|---|
| fixed length control field | 00794 a2200193 4500 |
| 001 - CONTROL NUMBER | |
| control field | 57116 |
| 005 - DATE AND TIME OF LATEST TRANSACTION | |
| control field | 20260407155833.0 |
| 008 - FIXED-LENGTH DATA ELEMENTS--GENERAL INFORMATION | |
| fixed length control field | 260407a1955 arg spa d |
| 003 - CONTROL NUMBER IDENTIFIER | |
| control field | AR-UNSa-BCEJYS |
| 040 ## - CATALOGING SOURCE | |
| Original cataloging agency | AR-UNSa-BCEJYS |
| Language of cataloging | spa |
| Transcribing agency | AR-UNSa-BCEJYS |
| 080 ## - UNIVERSAL DECIMAL CLASSIFICATION NUMBER | |
| Universal Decimal Classification number | 911.3:33 |
| Common auxiliary subdivision | Geografía económica |
| 100 1# - MAIN ENTRY--PERSONAL NAME | |
| Personal name | Repetto, Luis G. |
| 245 10 - TITLE STATEMENT | |
| Title | Geografía económica general |
| Name of part/section of a work | de acuerdo con los programas de quinto año de las escuelas nacionales de comercio |
| 264 #1 - PRODUCTION, PUBLICATION, DISTRIBUTION, MANUFACTURE, AND COPYRIGHT NOTICE | |
| Place of production, publication, distribution, manufacture | Buenos Aires : |
| Name of producer, publisher, distributor, manufacturer | Kapelusz |
| Date of production, publication, distribution, manufacture, or copyright notice | 1955 |
| 300 ## - PHYSICAL DESCRIPTION | |
| Extent | 234 p. |
| Dimensions | 21 cm. |
| 505 ## - FORMATTED CONTENTS NOTE | |
| Formatted contents note | 1. Geografía económica – 2.Agricultura – 3.Explotacion forestal pesca y caza – 4.Ganaderia – 5.Mineria – 6.Industrias – 7.Medios de transporte y comunicación – 8.Comercio. |
| 590 ## - LOCAL NOTE (RLIN) | |
| Local note | niveau_biblio:m niveau_hierar:0 |
| 942 ## - ADDED ENTRY ELEMENTS (KOHA) | |
| Koha item type | |
| Withdrawn status | Lost status | Damaged status | Not for loan | Home library | Current library | Shelving location | Date acquired | Total checkouts | Full call number | Barcode | Date last seen | Price effective from | Koha item type |
|---|---|---|---|---|---|---|---|---|---|---|---|---|---|
| Biblioteca Prof. Eusebio Cleto del Rey | Biblioteca Prof. Eusebio Cleto del Rey | 07/04/2026 | 911.3:33 R425 | L21057 | 07/04/2026 | 07/04/2026 | Libro |